书目信息 |
| 题名: |
高等数学
|
|
| 作者: | 张永曙 , 刘浩荣 主编 | |
| 分册: | 下册 | |
| 出版信息: | 北京 高等教育出版社 1998.06 |
|
| 页数: | 495页 | |
| 开本: | 20cm | |
| 丛书名: | ||
| 单 册: | ||
| 中图分类: | O13-43 | |
| 科图分类: | ||
| 主题词: | 高等数学 | |
| 电子资源: | ||
| ISBN: | 978-7-04-006404-9 | |
| 000 | 00615nam0 2200205 45 | |
| 001 | 2034482182 | |
| 005 | 20201028093507.95 | |
| 010 | @a978-7-04-006404-9@dRMB 16.80 | |
| 100 | @a20201028d1998 km y0chiy0120 ea | |
| 101 | 0 | @achi |
| 102 | @aCN@b110000 | |
| 200 | 1 | @a高等数学@Agao deng shu xue@h下册@f张永曙,刘浩荣主编@Fzhang yong shu,liu hao rong zhu bian |
| 210 | @a北京@c高等教育出版社@d1998.06 | |
| 215 | @a495页@d20cm | |
| 606 | 0 | @a高等数学 |
| 690 | @aO13-43@v4 | |
| 701 | 0 | @a张永曙@Azhang yong shu@4主编 |
| 701 | 0 | @a刘浩荣@Aliu hao rong@4主编 |
| 801 | 0 | @aCN@bPFT@c20201028 |
| 905 | @a10447@dO13-43@eZ236:2 | |
| 高等数学.下册/张永曙,刘浩荣主编.-北京:高等教育出版社,1998.06 |
| 495页;20cm |
| ISBN 978-7-04-006404-9:RMB 16.80 |
| ● |
| 相关链接 |
|
|
|
正题名:高等数学
索取号:O13-43/Z236:2
 
预约/预借
| 序号 | 登录号 | 条形码 | 馆藏地/架位号 | 状态 | 备注 |
| 1 | 1500105 | 215001058 | 自科库401/401自科库 108排7列2层/ [索取号:O13-43/Z236:2] | 在馆 |